| 000 | 01380cam a22004094a 4500 | ||
|---|---|---|---|
| 001 | 15259486 | ||
| 003 | OSt | ||
| 005 | 20140310182734.0 | ||
| 008 | 080410s2009 njua b 001 0 eng | ||
| 010 | _a 2008016768 | ||
| 016 | 7 |
_a101471210 _2DNLM |
|
| 020 | _a9789810697129 | ||
| 020 | _a0135142636 | ||
| 035 | _a(OCoLC)225090212 | ||
| 035 | _a(OCoLC)ocn225090212 | ||
| 040 |
_aDNLM/DLC _cDLC _dNLM _dBAKER _dBTCTA _dOCLCG _dC#P _dYDXCP _dDLC |
||
| 042 | _apcc | ||
| 050 | 0 | 0 |
_aRT 89 _b.Su85 2009 |
| 100 | 1 |
_aSullivan, Eleanor J. _d1938- |
|
| 245 | 1 | 0 |
_aEffective leadership and management in nursing / _cEleanor J. Sullivan, Phillip J. Decker. |
| 250 | _a7th ed. | ||
| 260 |
_aUpper Saddle River, N.J. : _bPearson Prentice Hall, _c2009. |
||
| 300 |
_a341 p. : _bill. ; _c26 cm. |
||
| 504 | _aIncludes bibliographical references and index. | ||
| 521 | _aNUR | ||
| 650 | 0 |
_aNursing services _xAdministration. |
|
| 650 | 0 | _aLeadership. | |
| 650 | 1 | 2 | _aNurse Administrators. |
| 650 | 2 | 2 | _aLeadership. |
| 650 | 2 | 2 |
_aNursing Care _xorganization & administration. |
| 700 | 1 | _aDecker, Phillip J. | |
| 856 | 4 | 1 |
_3Table of contents only _uhttp://www.loc.gov/catdir/toc/ecip0816/2008016768.html |
| 906 |
_a7 _bcbc _corignew _d1 _eecip _f20 _gy-gencatlg |
||
| 942 |
_2lcc _cBK _kFOR |
||
| 999 |
_c15489 _d15489 |
||